Statistiques concernant Buteurs Bayern Munich LDC 2012/2013

Cliquez ici pour prendre le quiz!

Statistiques générales

  • Ce quiz a été pris 83 fois
  • Le résultat moyen est 5 sur 10

Statistiques - réponses

Nombre de butButeur% Correct
1Franck Ribery
95%
4Arjen Robben
93%
8Thomas Muller
85%
2Mario Gomez
67%
2Bastian Schweinsteiger
52%
2David Alaba
49%
3Mario Mandzukic
46%
3Toni Kroos
37%
4Claudio Pizzaro
9%
1Xherdan Shaqiri
5%

Distribution des résultats

Percentile par nombre de réponses

% des personnes avec chaque résultat

Votre développement - résultats

Vous n’avez pas pris ce quiz